| 000 | 01750nam a22002177a 4500 | ||
|---|---|---|---|
| 999 |
_c59472 _d59472 |
||
| 003 | Ge_BSU | ||
| 005 | 20230227115756.0 | ||
| 008 | 230227s2006 ge ||||| |||| 00| 0 geo d | ||
| 041 | _ageo | ||
| 080 | _a342.7(479.22) ა-26 | ||
| 245 |
_aადამიანის უფლებათა დარღვევები საქართველოში : ალტერნატიული ანგარიში გაეროს წამების საწინააღმდეგო კომიტეტს, 36-ე სესია / _c საია, ადამიანის უფლებათა საინფორმაციო და სადოკუმენტაციო ცენტრი, საქ. საზოგადოებრივი ჯანდაცვის და მედიცინის განვითარების ფონდი ; ანგარიში მოამზადეს: ნინო ღვედაშვილი, უჩა ნანუაშვილი, ანა დოლიძე [და სხვ.]. |
||
| 264 |
_aთბილისი, _c2006. |
||
| 300 |
_a139 გვ. ; _b20 სმ. |
||
| 501 | _aდანართი: გვ. 109-139. | ||
| 653 | _aადამიანის უფლებათა დარღვევები საქართველოში | ||
| 700 |
_aღვედაშვილი, ნინო. _eავტორი _917047 |
||
| 700 |
_aნანუაშვილი, უჩა. _eავტორი _917048 |
||
| 700 |
_aჯაფარიძე, სოფიო. _eავტორი _917049 |
||
| 700 |
_aსარალიძე, ლია და სხვ. _eავტორი _917050 |
||
| 942 |
_2udc _cBK |
||